Seventeen Members by Picture - Statistics

General Stats
  • This quiz has been taken 2,648 times
  • The average score is 12 of 13
Answer Stats
Picture Answer % Correct
Woozi
99%
DK
96%
Hoshi
96%
Jun
96%
The8
96%
Vernon
96%
Dino
95%
Joshua
95%
Mingyu
95%
Scoups
95%
Seungkwan
93%
Wonwoo
93%
Jeonghan
89%
No matching quizzes found
Score Distribution
Percent of People with Each Score
Percentile by Number Answered
Your Score History
You have not taken this quiz